| 000 | 00711cam a2200277ua 4500 | ||
|---|---|---|---|
| 020 |
_a81-85099-05-7 _c70.00 |
||
| 041 |
_aeng _h |
||
| 082 |
_a621.8 _bROY/EL |
||
| 100 | _aRoy, K.P . | ||
| 245 |
_aElements of mechanical engineering / _cK.P.Roy. _hTextual Documents |
||
| 250 |
_a5 / _b. |
||
| 260 |
_aBombay : _bMedia promoters and publishers pvt Ltd , _c1992. |
||
| 300 | _a561 ; . | ||
| 365 | _a70.00 | ||
| 500 | _a* CSS | ||
| 504 | _a | ||
| 700 | 1 | _aBhattacharya, S C. | |
| 700 | 1 | _aHajra Choudhury, A K. | |
| 700 | 1 | _aHajra Choudhury, S K. | |
| 942 | _cBK | ||
| 999 |
_c10308 _d10308 |
||